• 首页
  • 本馆介绍
  • 公告通知
  • 最新文献
  • 馆藏检索
  • 电子资源
  • 读者导购
  • 参考咨询
  • 我的图书馆
  • 登录
  • 期刊详细显示
  • 现刊情况显示
  • 合订本情况显示
  • 篇目信息显示

期刊信息

  • 表格格式
  • 工作单格式
  • 卡片格式
索取号 
F27/JJGL
题名 
jjgl
作者 
经济管理编辑委员会
分册号 
分册名 
出版地 
北京
出版者 
经济管理杂志社
标准刊号 
出版频率 
月刊
中图法分类 
F27
主题词 
企业经济
电子资源 
000 00501nas0 2200181 45
001 0763953927
005 20241012103146.01
011    @d¥1.80
100    @a20070917d km y0chiy0120 ea
101 0  @achi
200 1  @ajjgl@f经济管理编辑委员会@FJing Ji Guan Li Bian Ji Wei Yuan Hui
210    @a北京@c经济管理杂志社
326    @a月刊
606 0  @a企业经济
690    @aF27@v4
711 02 @a经济管理编辑委员会@AJing Ji Guan Li Bian Ji Wei Yuan Hui
801  0 @aCN@bPFT@c20070917
905    @a213230@dF27@eJJGL
    
    jjgl/经济管理编辑委员会.-北京:经济管理杂志社
    
    
    
    ¥1.80
    
●
相关链接: 在易读查询期刊 在中国知网中查询期刊 在万方数据查询期刊 在维普查询期刊
唐山师范学院图书馆 欢迎您!
大连网信软件有限公司© 版权所有